Animals Alphabet - Jetpunk! - Statistics

General Stats
  • This quiz has been taken 84 times
  • The average score is 21 of 26
Answer Stats
Picture Hint Answer % Correct
A Alligator
98%
B Bear
98%
F Fox
98%
E Elephant
96%
C Crow
94%
D Deer
94%
G Giraffe
94%
H Horse
94%
J Jaguar
94%
L Lion
94%
K Kangaroo
88%
M Monkey
88%
O Owl
88%
I Iguana
84%
P Penguin
84%
T Tiger
84%
R Rabbit
82%
Z Zebra
78%
S Seal
76%
W Walrus
70%
Y Yak
66%
Q Quail
64%
V Vulture
58%
N Nightingale
46%
U Urial
24%
X Xiphias
18%
No matching quizzes found
Score Distribution
Percent of People with Each Score
Percentile by Number Answered
Your Score History
You have not taken this quiz